000 00391nam a2200145Ia 4500
008 230917s9999||||xx |||||||||||||| ||und||
040 _e187429
_aMAIN
041 _aEnglish
082 _a820.76 N23B
100 _aNadel, Marx
245 0 _aHow to prepare for the advanced placement exmination in English
260 _bBarron's Educational Series
_c1974
300 _a294 p.
942 _cBK
999 _c205926
_d205926